Problems and prospects of ericulture in Assam with special reference to Barpeta District (Record no. 86439)

MARC details
000 -LEADER
fixed length control field 00416nam a2200133 4500
082 ## - DEWEY DECIMAL CLASSIFICATION NUMBER
Classification number 338.763820954162
Item number DAS
100 ## - MAIN ENTRY--PERSONAL NAME
Personal name Das, Manjit
245 ## - TITLE STATEMENT
Title Problems and prospects of ericulture in Assam with special reference to Barpeta District
260 ## - PUBLICATION, DISTRIBUTION, ETC. (IMPRINT)
Place of publication, distribution, etc Shillong
Name of publisher, distributor, etc Department of Economics, NEHU
Date of publication, distribution, etc 2007
300 ## - PHYSICAL DESCRIPTION
Extent xi, 223p.:ill.,maps.;28cm.
502 ## - DISSERTATION NOTE
Degree type Ph.D
700 ## - ADDED ENTRY--PERSONAL NAME
Personal name De, U. K., Supervisor/Guide
Holdings
Withdrawn status Lost status Source of classification or shelving scheme Damaged status Not for loan Collection code Home library Current library Shelving location Date acquired Total Checkouts Full call number Barcode Date last seen Koha item type
    Dewey Decimal Classification     THESIS & DISSERTATION North Eastern Hill University North Eastern Hill University Dissertation & Thesis 25/11/2011   338.763820954162 DAS 103883 25/11/2011 Thesis